00389nam a2200145Ia 450000500170000000800460001703700290006304000210009204100130011308400200012610000210014624500260016726000410019330000090023420250508151457.0008 250505s9999 xx 000 0 hin d aBooks to be hide in OPAC aFEDL bengcFEDL ahin2hin aFH, GUP/OqFEDL aGupt Manmathnath 0aBangal ki lok kathaye aDelhi, IndiabAtmaram and Sonsc1954 a62p.